000 00757nam a2200241Ia 4500
003 OSt
005 20231007113636.0
008 210716s2014 xx 000 0 und d
020 _a9789339205072
040 _cAIMIT LIBRARY
041 _aeng
082 _a374.22
_21
_bBUSG
100 _aBusin, Greg.
_9136622
245 _aAccountability :
_bthe key to driving a high performance culture /
_cGreg Bustin.
250 _a1st ed.
260 _aNew Delhi :
_bMc Graw Hill Book Company ,
_c2014.
300 _axx;295p. ;
_bPB
_c22.5 cm
650 _aGeneral Management
_9136623
651 _aAccountability starts with purpose
_9136624
651 _aCharacter counts
_9136625
651 _aGreen and growing
_9136626
942 _2ddc
_cBK
_e1st
_k374.22 BUSG
999 _c209377
_d209377